00345nam a2200121Ia 4500008004100000041000800041082001400049100002300063245005700086250001200143260005600155650001200211230711s9999||||xx |||||||||||||| ||und|| aENG a530bBU-P aFrederick J.Bueche 0aIntroduction of Physics for scientists and engineers a2nd Ed. c1989aNew DelhibTata McGraw Hill Education Limited aPhysics